Online
Catalog

Manual de derecho consular dominicano / (Record no. 3048)

MARC details
000 -CABECERA
campo de control de longitud fija 00498nam a2200157 u 4500
001 - NÚMERO DE CONTROL
campo de control 000003217
005 - FECHA Y HORA DE LA ÚLTIMA TRANSACCIÓN
campo de control 20200929150349.0
008 - DATOS DE LONGITUD FIJA--INFORMACIÓN GENERAL
campo de control de longitud fija 090707s1925 dr c r 000 0 spa d
040 ## - FUENTE DE LA CATALOGACIÓN
Centro catalogador/agencia de origen DO-SdBNP
Lengua de catalogación spa
Centro/agencia transcriptor BNPHU
082 ## - NÚMERO DE LA CLASIFICACIÓN DECIMAL DEWEY
Número de clasificación L791m
100 1# - ENTRADA PRINCIPAL--NOMBRE DE PERSONA
Nombre de persona Llaverías, Federico
9 (RLIN) 10157
245 10 - MENCIÓN DE TÍTULO
Título Manual de derecho consular dominicano /
Mención de responsabilidad, etc. Federico Llaverías.
260 ## - PUBLICACIÓN, DISTRIBUCIÓN, ETC.
Lugar de publicación, distribución, etc. Santo Domingo :
Nombre del editor, distribuidor, etc. J. R. vda García,
Fecha de publicación, distribución, etc. 1925.
300 ## - DESCRIPCIÓN FÍSICA
Extensión 138p :
Otras características físicas retr ;
Dimensiones 23cm.
500 ## - NOTA GENERAL
Nota general El nombre del autor tiene error en la cubierta
Holdings
Estado de retiro Estado de pérdida Restricciones de uso No para préstamo Código de colección Localización permanente Ubicación/localización actual Ubicación en estantería Fecha de adquisición Número de inventario Total de préstamos Signatura topográfica completa Código de barras Fecha visto por última vez Número de copia Precio válido a partir de Tipo de ítem Koha Fuente de adquisición Nota pública
      Excluido de préstamo Raros y valiosos Patrimonio Dominicano Patrimonio Dominicano En catalogación 25.07.2011 LF1   L791m 3217-20 25.06.2020 e. 2 25.06.2020 No se presta    
      Excluido de préstamo Raros y valiosos Patrimonio Dominicano Patrimonio Dominicano Depósito 07.07.2009 LF1   L791m 3217-10 25.06.2020   25.06.2020 No se presta 003139 Perteneció a la biblioteca personal de Carlos Larrabazal Blanco.

Powered by Koha